| 000 | 00593nam a2200181Ia 4500 | ||
|---|---|---|---|
| 008 | 100921s9999 xx 000 0 und d | ||
| 082 |
_b34046 _a891.464 न 01 |
||
| 100 | _aटिकेकर अरूण. | ||
| 245 | _aसारांश. | ||
| 260 |
_bश्रीविद्या प्रकाशन, पुणे. _c2001 |
||
| 300 |
_a189 _bश्रीविद्या,पुणे |
||
| 365 | _b200 | ||
| 520 | _aललित-निबंध. | ||
| 630 | _aसारांश. | ||
| 650 | _aललित-निबंध. | ||
| 730 | _aसारांश. | ||
| 942 | _cBOOK | ||
| 999 |
_c783159 _d783156 |
||